000 01911nam a2200325 4500
001 242
003 OSt
005 20250528074016.0
008 250206b |||||||e |||| 00| 1 eng d
020 _a9788532500755
040 _bpor
041 _heng
_apor
082 _a823
_bF667p
100 1 _aFollett, Ken,
_d1949-
_9453
240 _aThe pillars of the Earth
245 _aOs pilares da Terra -
_bVolume I /
_cFollett, Ken ; Tradução de Paulo Azevedo
260 _aRio de Janeiro
_bRocco
_c1992
300 _a494 p.
520 _aEmocionante, complexo, pontilhado de coloridos detalhes históricos, Os pilares da terra traça o painel de um tempo conturbado, varrido por conspirações, jogos intrincados de poder, violência e surgimento de uma nova ordem social e cultural. A figura que melhor expressa os ideais que inspiraram Ken Follett a escrever este livro é Philip, prior de Kingsbridge, um homem que luta contra tudo e todos para construir um templo grandioso a Deus. Mas a galeria de personagens que gravitam em torno da catedral inclui Aliena, a bela herdeira banida de suas terras, Jack, seu amante, Tom, o construtor, William o cavaleiro boçal, e Waleran, o bispo capaz de tudo para pavimentar seu caminho até o lugar do Papa, em Roma. Como painel de fundo, uma Inglaterra sacudida por lutas entre os sucessores prováveis ao trono que Henrique I deixou sem descendentes. Épico que consegue captar simultaneamente o que acontece nos castelos, feiras, florestas e igrejas, Os pilares da terra é a recriação magistral de uma época que nossa imaginação não quer esquecer.
650 0 _aLiteratura Inglesa
_989
650 0 _aHistórico
_953
650 0 _aMedieval
_9170
650 0 _aReligião
_9100
650 0 _aClássicos
_977
650 0 _aFilme
_926
655 0 _aRomance
_923
655 0 _aFicção
_922
700 _aPaulo Azevedo
_eTradutor
_9451
942 _2ddc
_n0
_cBK
999 _c242
_d242